Responses for Show #1779 - Thursday, April 30, 1992

Contestants

Don Westrich, an advertising executive from New York City, New York

Robin Pascale, a banker from Tivoli, New York

Joe Murphy, an attorney from Indianapolis, Indiana (whose 2-day cash winnings total $30,302)

[next game >>]

Jeopardy! Round responses

U.S. CITIES
TOOLS
THE 1991 TV SEASON
BIBLICAL QUOTES
CLOTHING
FILE UNDER "Z"
    $100 6
Milwaukee

Robin
    $100 13
a snake

Don
    $100 7
Twiggy

Robin
    $100 18
Adam

Joe
    $100 19
a toga

Robin
    $100 1
a zombie

Don
    $200 9
Saint Augustine

Joe
    $200 14
a poker

Robin
    $200 8
(Maury) Povich

Don
    $200 21
Solomon

Joe
    $200 20
(Joe: What is a kilt?)
...
(Alex: A kilt is an article of clothing, it's not a pattern.)

a tartan

JoeDon
    $200 2
a zinger

Don
    $300 10
Seattle

Joe
    $300 15
a hammer

Don
    $300 25
(Alex: Yes, from Gabriel's Fire.)

Pros & Cons

Robin
    $300 28
pride

Joe
    $300 22
culottes

Don
    $300 3
the Zuni

Don
    $400 11
Los Alamos

Joe
    $400 16
trowel

Robin
    $400 26
(Alex: From the Newhart show.)

Julia Duffy

Triple Stumper
    $400 29
put asunder

Joe
    $400 23
a hobble (skirt)

Joe
    $400 4
Zwieback

Don
    $500 12
Duluth

Joe
    $500 17
[Don gave both listed responses.]

the earth (or soil)

Don
    $500 27
Eerie, Indiana

Robin
    $500 30
John the Baptist

Joe
    $500 24
spandex

Robin
    $500 5
Zagreb

Joe

Scores at the first commercial break (after clue 15):

Joe Robin Don
$1,900 $400 $1,600

Scores at the end of the Jeopardy! Round:

Joe Robin Don
$3,600 $2,200 $2,600

Double Jeopardy! Round responses

THE CIVIL WAR
BALLET
INSECTS
ODDS & ENDS
LITERARY CHARACTERS
EVOLUTION
    $200 6
the Merrimack

Don
    $200 26
emeralds

Robin
    $200 17
killer bees

Don
    $200 9
Sony

Robin
    $200 1
Studs

Robin
    $200 14
extinction

Joe
    $400 7
cotton

Robin
    $400 27
California

Don
    $400 18
mosquitoes

Joe
    $400 10
the Sphinx

Don
    $400 2
Candide

Joe
    $400 22
mutation

Joe
    $600 8
(Alex: "Surprisingly" because you might think it was too early for that type of ship. It was [*].)

a submarine

Triple Stumper
    $600 28
(Joe: What is their marriage--married--married day?)
(Alex: How about [*]?)

wedding day

Joe
    $600 19
cockroaches

Don
    $600 11
the knight

Robin
    $600 3
All Quiet on the Western Front

Robin
    $600 23
creationism

Triple Stumper
    $800 15
(Salmon P.) Chase

Don
    $400 29
(Joe: What is the Dead Sea? I don't know.)

Swan Lake

Joe
    $800 20
a centipede

Robin
    $800 12
Zubin Mehta

Don
    $800 4
Upton Sinclair

Joe
    $2,000 24
the horse

Joe
    $1000 16
Winfield Scott

Joe
    $1000 30
(Joe: What is Italy?)

Russia

JoeRobin
    $1000 21
breathe

Don
    $1000 13
dreams

Robin
    $1000 5
(Don: Who is Richard III?)

King Lear

Don
Triple Stumper
    $1000 25
Pasteur

Don

Scores at the end of the Double Jeopardy! Round:

Joe Robin Don
$8,000 $7,200 $7,000

[wagering suggestions for these scores]

Final Jeopardy! Round responses

U.S. PRESIDENTS
(Alex: [To Robin] Roosevelt did not serve in the Navy. He was Secretary of the Navy, but he was not a Navy veteran.)
DonWho was Kennedy?
$7,000
RobinWho was Coolidge Roosevelt?
$7,200
JoeWho is Teddy Roosevelt
$7,201
Kennedy

Final scores:

Joe Robin Don
$799 $0 $14,000
2nd place: Orrefors stemware + Michael C. Fina Pembroke pattern fine English bone china service for eight + Jeopardy! 25th Anniversary computer game 3rd place: Maytag washer & dryer + Jeopardy! 25th Anniversary computer game New champion: $14,000

Game dynamics:

Coryat scores:

Joe Robin Don
$7,200 $7,200 $7,000
19 R
(including 2 DDs),
3 W
(including 1 DD)
17 R,
0 W
19 R,
1 W

Combined Coryat: $21,400

[game clues] [game scores] [suggest correction]

Game tape date: 1992-01-14
The J! Archive is created by fans, for fans. Scraping, republication, monetization, and malicious use prohibited; this site may use cookies and collect identifying information. See terms. The Jeopardy! game show and all elements thereof, including but not limited to copyright and trademark thereto, are the property of Jeopardy Productions, Inc. and are protected under law. This website is not affiliated with, sponsored by, or operated by Jeopardy Productions, Inc. Join the discussion at JBoard.tv.